[Event "helokitty x Lara"]
[Site "http://www.queenalice.com/game.php?id=645924"]
[Date "2009.9.2"]
[Round "-"]
[White "helokitty"]
[Black "Lara"]
[Result "0-1"]
[WhiteElo "1275"]
[BlackElo "1157"]

1. e4 e5 2. Nf3 Nc6 3. Bb5 Nf6 4. Nc3 d6 5. O-O Be7 6. a4 a6 7. Bd3 Nb4 8. Bc4
Be6 9. Be2 O-O 10. d4 exd4 11. Nd5 Nfxd5 12. exd5 Bxd5 13. c3 dxc3 14. bxc3 Na2
15. Ba3 Nxc3 16. Qe1 Nxe2+ 17. Qxe2 Re8 18. Rae1 Bf6 19. Qd3 Rxe1 20. Rxe1 c5
21. Qxd5 Bc3 22. Rc1 Bb4 23. Bb2 b5 24. a5 c4 25. Ng5 Ra7 26. Qxf7+ Rxf7 27.
Nxf7 Kxf7 28. Rd1 c3 29. Ba1 c2 30. Rc1 Qc8 31. f4 Qf5 32. g3 Bd2 33. Rf1 c1=Q
34. Rxc1 Bxc1 0-1

[Event "AUTO-OPEN-1677"]
[Site "http://www.queenalice.com/game.php?id=646302"]
[Date "2009.9.2"]
[Round "1"]
[White "Mecking_Brasil"]
[Black "Lara"]
[Result "0-1"]
[WhiteElo "1782"]
[BlackElo "1178"]

1. c4 e5 2. Nf3 d6 3. g3 Nc6 4. d3 Be6 5. Bg2 Qe7 6. Nc3 Nf6 7. b4 Nxb4 8. Qa4+
Bd7 9. Qxb4 d5 10. Qxb7 Qd8 11. Nxd5 Rb8 12. Nxc7+ Ke7 0-1

[Event "AUTO-OPEN-1677"]
[Site "http://www.queenalice.com/game.php?id=646303"]
[Date "2009.9.2"]
[Round "1"]
[White "Lara"]
[Black "Mecking_Brasil"]
[Result "1-0"]
[WhiteElo "1208"]
[BlackElo "1782"]

1. e4 c5 2. Bc4 e6 3. Qf3 Nc6 4. c3 Ne5 5. Qe2 Nxc4 6. d3 Nb6 7. d4 d5 8. exd5
cxd4 9. cxd4 Qxd5 10. Nc3 Qxd4 11. Be3 Qb4 12. a3 Qa5 13. b4 Bxb4 14. axb4 1-0

[Event "AUTO-OPEN-1677"]
[Site "http://www.queenalice.com/game.php?id=646324"]
[Date "2009.9.2"]
[Round "1"]
[White "thewhitebishop"]
[Black "Lara"]
[Result "1-0"]
[WhiteElo "1961"]
[BlackElo "1100"]

1. d4 d5 2. c4 dxc4 3. e4 Nf6 4. e5 Bg4 5. f3 Bh5 6. exf6 exf6 7. Bxc4 Qc8 8.
Qe2+ Be7 9. Nc3 Nc6 10. Bb5 a6 11. Bxc6+ bxc6 12. d5 Qd8 13. dxc6 Bg6 14. Bf4
Bd3 15. Qe3 Bb5 16. Rd1 Qc8 17. Rd7 Bxc6 18. Qxe7# 1-0

[Event "AUTO-OPEN-1677"]
[Site "http://www.queenalice.com/game.php?id=646325"]
[Date "2009.9.2"]
[Round "1"]
[White "Lara"]
[Black "thewhitebishop"]
[Result "0-1"]
[WhiteElo "1100"]
[BlackElo "1965"]

1. e4 Nf6 2. Nc3 d6 3. Bb5+ c6 4. Ba4 Nbd7 5. Nf3 Nc5 6. Bb3 Nfxe4 7. Nxe4 Nxe4
8. Bc4 Qb6 9. Rf1 d5 10. Bd3 Bg4 11. Bxe4 dxe4 12. Ke2 Qb5+ 13. Ke1 Qh5 14. d3
exf3 15. gxf3 Bxf3 16. Qd2 e6 17. Rg1 Bc5 18. Rg5 Qxh2 19. Kf1 Qh3+ 20. Ke1 Qh1+
21. Rg1 Qxg1# 0-1

[Event "AUTO-OPEN-1678"]
[Site "http://www.queenalice.com/game.php?id=646694"]
[Date "2009.9.3"]
[Round "1"]
[White "flopp"]
[Black "Lara"]
[Result "1-0"]
[WhiteElo "1882"]
[BlackElo "1100"]

1. e4 e5 2. Nf3 Nc6 3. Bc4 Nf6 4. Ng5 Rg8 5. Bxf7+ Ke7 6. Bxg8 h6 7. d3 Nxg8 8.
Nf3 Nf6 9. Nc3 Ke8 10. Bd2 Nd4 11. Nxd4 exd4 12. Ne2 Be7 13. Nxd4 Bc5 14. Nf5 d6
15. Nxg7+ Kf8 16. Nf5 a6 17. Bxh6+ Kf7 18. Qf3 Qg8 19. Be3 Bxe3 20. Nxe3 c6 21.
h3 d5 22. O-O-O d4 23. Ng4 Qg5+ 24. Kb1 a5 25. e5 Qg8 26. exf6 Be6 27. Nh6+ Kf8
28. Nxg8 Kxg8 29. Rde1 Bd5 30. Qh5 Bf7 31. Qh6 Re8 32. Qg7# 1-0

[Event "AUTO-OPEN-1678"]
[Site "http://www.queenalice.com/game.php?id=646695"]
[Date "2009.9.3"]
[Round "1"]
[White "Lara"]
[Black "flopp"]
[Result "0-1"]
[WhiteElo "1192"]
[BlackElo "1909"]

1. e4 e5 2. Nf3 Nc6 3. Nc3 Nf6 4. Bc4 Be7 5. Ng5 O-O 6. O-O h6 7. Nxf7 Rxf7 8.
Bxf7+ Kxf7 9. d3 d6 10. Re1 Bg4 11. f3 Bh5 12. g4 Bg6 13. Nd5 Nxd5 14. exd5 Nb8
15. Re2 Nd7 16. Rg2 Nf6 17. f4 exf4 18. Bxf4 Qd7 19. g5 hxg5 20. Bxg5 Nxd5 21.
Qf1+ Nf6 22. Qf3 Rf8 23. c3 Qc6 24. Rf1 Qxf3 25. Rxf3 Kg8 26. Re3 Nd5 27. Rxe7
Nxe7 28. Bxe7 Re8 29. Re2 Bxd3 30. Re3 Bc4 31. b3 Bd5 32. c4 Bc6 33. b4 Kf7 34.
Bg5 Rxe3 35. Bxe3 a6 0-1

[Event "AUTO-OPEN-1678"]
[Site "http://www.queenalice.com/game.php?id=646717"]
[Date "2009.9.3"]
[Round "1"]
[White "Lara"]
[Black "yanpom"]
[Result "0-1"]
[WhiteElo "1100"]
[BlackElo "2074"]

1. e4 e5 2. Nf3 Nc6 3. Bb5 a6 4. Ba4 b5 5. Bb3 Bc5 6. d3 d6 7. Bd5 Bd7 8. Bg5
Nf6 9. Bc4 bxc4 10. dxc4 Nd4 11. Nxd4 Bxd4 12. Kd2 Nxe4+ 13. Ke2 Qxg5 14. Qd3
Nxf2 15. Qg3 Bg4+ 16. Kf1 Qc1# 0-1

[Event "AUTO-OPEN-1678"]
[Site "http://www.queenalice.com/game.php?id=646730"]
[Date "2009.9.3"]
[Round "1"]
[White "Lara"]
[Black "carlosjvega"]
[Result "0-1"]
[WhiteElo "1192"]
[BlackElo "1778"]

1. e4 e6 2. Bc4 d5 3. exd5 c6 4. dxc6 Nxc6 5. d4 Qxd4 6. Qxd4 Nxd4 7. Na3 Bxa3
8. bxa3 Nxc2+ 9. Kd2 Nxa1 10. Bb2 f6 11. Bxa1 Ne7 12. Bb5+ Nc6 13. Bc4 O-O 14.
Bd4 Nxd4 15. Ne2 Nxe2 16. Bxe2 Rd8+ 17. Bd3 b6 18. Ke3 Rxd3+ 19. Kxd3 Bb7 20.
Re1 Kf7 0-1

[Event "AUTO-OPEN-1678"]
[Site "http://www.queenalice.com/game.php?id=646731"]
[Date "2009.9.3"]
[Round "1"]
[White "carlosjvega"]
[Black "Lara"]
[Result "1-0"]
[WhiteElo "1776"]
[BlackElo "1192"]

1. e4 e5 2. Nf3 Nc6 3. Bb5 a6 4. Bxc6 bxc6 5. d4 d6 6. dxe5 dxe5 7. Qxd8+ Kxd8
8. Nxe5 Nh6 9. Bxh6 gxh6 10. Nxf7+ Ke7 11. Nxh8 Bg7 12. c3 Bxh8 13. O-O a5 14.
Nd2 Ba6 15. Rfe1 Be5 16. Nf3 Bf4 17. g3 Bd2 18. Nxd2 Rd8 19. Rad1 Bd3 20. a4 Bc2
21. f4 Bxd1 22. Rxd1 1-0

[Event "AUTO-OPEN-1679"]
[Site "http://www.queenalice.com/game.php?id=647205"]
[Date "2009.9.4"]
[Round "1"]
[White "Lara"]
[Black "serrameira"]
[Result "0-1"]
[WhiteElo "1192"]
[BlackElo "1845"]

1. e4 e5 2. Nf3 Nf6 3. Nc3 Nc6 4. Bc4 h6 5. O-O Bd6 6. d3 O-O 7. Nh4 Na5 8. Bb5
a6 9. Ba4 b5 10. Bb3 Nxb3 11. cxb3 Nxe4 12. Nxe4 Qxh4 13. g3 Qe7 14. Nxd6 Qxd6
15. Qf3 Rb8 16. Be3 Qe6 17. d4 Bb7 18. d5 Bxd5 19. Qe2 d6 20. f4 f5 21. Ba7 Rb7
22. Be3 e4 23. h3 a5 24. a4 Bxb3 25. Bd4 Bc4 26. Qd2 e3 27. Bxe3 Bxf1 28. Kxf1
Qc4+ 0-1

[Event "AUTO-OPEN-1679"]
[Site "http://www.queenalice.com/game.php?id=647206"]
[Date "2009.9.4"]
[Round "1"]
[White "serrameira"]
[Black "Lara"]
[Result "1-0"]
[WhiteElo "1774"]
[BlackElo "1100"]

1. e4 e5 2. f4 exf4 3. Nf3 Nc6 4. d4 Bb4+ 5. c3 Ba5 6. Bxf4 Qe7 7. Bd3 d6 8. d5
Nd8 9. Qa4+ Bd7 10. Qxa5 b6 11. Qb4 a5 12. Qb3 a4 13. Qc2 Nb7 14. Nd4 O-O-O 15.
Nc6 Bxc6 16. dxc6 Nc5 17. O-O Nxd3 18. Qxd3 Nf6 19. Qa6+ Kb8 20. Qb7# 1-0

[Event "AUTO-OPEN-1679"]
[Site "http://www.queenalice.com/game.php?id=647207"]
[Date "2009.9.4"]
[Round "1"]
[White "Lara"]
[Black "gipmachado"]
[Result "0-1"]
[WhiteElo "1238"]
[BlackElo "2014"]

1. e4 e5 2. Nf3 Nc6 3. Bc4 Bc5 4. Ng5 Nh6 5. O-O O-O 6. Nxf7 Nxf7 7. Qe2 Kh8 8.
Qh5 Nd6 9. Bd5 Qf6 10. Qf5 Qxf5 11. exf5 Rxf5 12. Re1 Bxf2+ 13. Kf1 Bxe1+ 14.
Kxe1 Nd4 15. Na3 c6 16. Bf3 Nxf3+ 17. gxf3 Rxf3 18. Ke2 e4 19. d3 Rh3 20. Bf4
exd3+ 21. cxd3 Nf7 22. Rf1 d5 23. Be5 Bg4+ 24. Ke1 Nxe5 25. Nc2 Nxd3+ 26. Kd2
Nxb2 27. Nd4 Rxh2+ 0-1

[Event "AUTO-OPEN-1679"]
[Site "http://www.queenalice.com/game.php?id=647208"]
[Date "2009.9.4"]
[Round "1"]
[White "gipmachado"]
[Black "Lara"]
[Result "1-0"]
[WhiteElo "1900"]
[BlackElo "1100"]

1. e4 e5 2. Nf3 Nc6 3. Bc4 Na5 4. Bxf7+ Kxf7 5. Nxe5+ Kf6 6. d4 Bb4+ 7. c3 Bf8
8. Qf3+ Ke6 9. Nf7 Qe8 10. Nxh8 Nc6 11. d5+ Kd6 12. dxc6 dxc6 13. Nf7+ Ke7 14.
Bg5+ Nf6 15. Bxf6+ gxf6 16. O-O Kxf7 17. Re1 Be6 18. e5 Bd5 19. Qxf6+ Kg8 20.
Re3 Bg7 21. Rg3 Bf7 22. Qxg7# 1-0

[Event "AUTO-OPEN-1679"]
[Site "http://www.queenalice.com/game.php?id=647209"]
[Date "2009.9.4"]
[Round "1"]
[White "Lara"]
[Black "SubRoger"]
[Result "0-1"]
[WhiteElo "1192"]
[BlackElo "1929"]

1. Nf3 d5 2. e3 Nf6 3. Bb5+ c6 4. Bd3 Bg4 5. Be2 Bxf3 6. Bxf3 e5 7. O-O e4 8.
Be2 Bd6 9. Nc3 O-O 10. d3 exd3 11. Bxd3 Qc7 12. Bd2 Nbd7 13. Qf3 h6 14. e4 dxe4
15. Nxe4 Rfe8 16. Rae1 Nxe4 17. Bxe4 Nf6 0-1

[Event "AUTO-OPEN-1679"]
[Site "http://www.queenalice.com/game.php?id=647210"]
[Date "2009.9.4"]
[Round "1"]
[White "SubRoger"]
[Black "Lara"]
[Result "1-0"]
[WhiteElo "1951"]
[BlackElo "1192"]

1. e4 e5 2. Nf3 Nc6 3. c3 Nf6 4. d3 Bc5 5. Be2 O-O 6. h3 Nh5 7. Nxe5 Nxe5 8.
Bxh5 d6 9. d4 Bb6 10. dxe5 dxe5 11. O-O Bd7 12. Bg4 Bxg4 13. Qxg4 Qd3 14. Rd1
Qc4 15. Na3 Qc5 16. Be3 Qc6 17. Bxb6 cxb6 18. Nc2 1-0